000 00277nam a2200121Ia 4500
005 20251222143109.0
008 251222s9999||||xx |||||||||||||| ||spa||
082 _a302.3/D25
100 _aDarder, Pere
245 0 _aEl Niño y los demás
264 _bNova Terra
942 _cLIB
999 _c11119
_d11119